000
00215nam a2200097Ia 4500
005
20251222114416.0
008
251222s1900||||xx |||||||||||||| ||spa||
082
_a
DVD0070/A31/2001
245
0
_a
ValentÃn:
942
_c
DVD
999
_c
2231
_d
2231